| 000 | 00000nam##2200000za#4500 |
| 001 | 9.571591 |
| 003 | CaOODSP |
| 005 | 20211126112844 |
| 007 | cr ||||||||||| |
| 008 | 150406|2002||||xxc|||||o f|0| 0 eng|d |
| 022 | |a1701-9397 |
| 040 | |aCaOODSP|beng |
| 043 | |an-cn--- |
| 086 | 1 |aFB3-2/102-12E-PDF |
| 110 | 2 |aBank of Canada. |
| 245 | 10|aModelling financial instability : |h[electronic resource]|ba survey of the literature / |cby Alexandra Lai. |
| 260 | |aOttawa - Ontario : |bBank of Canada |cMay 2002. |
| 300 | |a50p.|btables |
| 490 | 1 |aBank of Canada working paper|x1701-9397|v2002-12 |
| 500 | |a"This paper brings together and adds structure to the theoretical literature on financial instability and the implications they carry for policy-makers."--Abstract. |
| 500 | |aThe ISSN (1192-5434) for the print edition has been incorrectly copied in this electronic publication. |
| 504 | |aBibliography. |
| 520 | 3 |aThis paper brings together and adds structure to the theoretical literature on financial instability and the implications they carry for policy-makers.--Abstract |
| 546 | |aRésumé en français. |
| 590 | |a11-19-Supp|b2011-09-23 |
| 690 | 07|aFinancial crisis|2gcpds |
| 690 | 07|aModels|2gcpds |
| 690 | 07|aSurveys|2gcpds |
| 720 | 1 |aLai, Alexandra |
| 776 | 0#|tModelling financial instability: a survey of the literature / |w(CaOODSP)9.615977 |
| 830 | #0|aWorking paper (Bank of Canada)|x1701-9397|v2002-12|w(CaOODSP)9.504604 |
| 856 | 40|ahttp://publications.gc.ca|qPDF|s335 KB|uhttps://publications.gc.ca/collections/Collection/FB3-2-102-12E.pdf|y2002-12 |